[Event "Mittelfranken-ch QT 59th"]
[Site "Forchheim"]
[Date "2010.04.01"]
[Round "4"]
[White "Klee, Guenther"]
[Black "Dreiseitel, Werner"]
[Result "1-0"]
[WhiteElo "1507"]
[BlackElo "1382"]
[PlyCount "125"]
[EventDate "2010.03.31"]
[EventType "swiss"]
[EventRounds "7"]
[EventCountry "GER"]
[SourceTitle "EXT 2011"]
[Source "ChessBase"]
[SourceDate "2010.11.26"]
[SourceVersion "1"]
[SourceVersionDate "2010.11.26"]
[SourceQuality "1"]

1. c4 c5 2. Nc3 Nc6 3. g3 b6 4. Bg2 Bb7 5. d3 g6 6. e3 Bg7 7. Nge2 e6 8. 0-0 Nge7 9. e4 0-0 10. Be3 f5 11. f4 Qc7 12. Nb5 Qb8 13. e5 Nd8 14. d4 Bxg2 15. Kxg2 Qb7+ 16. Kg1 Nf7 17. dxc5 Rfc8 18. Nd6 Nxd6 19. cxd6 Nc6 20. Rc1 Na5 21. Qd3 Qa6 22. b3 Nb7 23. b4 Qxa2 24. Rc2 Qa6 25. Bd4 Nd8 26. Ra1 Qb7 27. c5 Nc6 28. Bc3 bxc5 29. bxc5 Rab8 30. Rb2 Qa8 31. Rab1 Rxb2 32. Rxb2 Rb8 33. Qb1 Rxb2 34. Qxb2 a5 35. Nd4 Nxd4 36. Bxd4 a4 37. h3 Qe4 38. Qb4 a3 39. Qd2 Qb1+ 40. Kf2 a2 41. Qb2 Qh1 42. h4 Kf7 43. Ke2 Qg2+ 44. Kd1 Qxg3 45. Qxa2 Qxf4 46. Qb2 Qxh4 47. Kc1 Qe1+ 48. Kc2 Qe2+ 49. Kb3 Qb5+ 50. Ka3 Qxb2+ 51. Bxb2 Ke8 52. Kb4 f4 53. Bd4 f3 54. Kb5 g5 55. c6 dxc6+ 56. Kxc6 Bf8 57. d7+ Kf7 58. d8Q Be7 59. Qa5 g4 60. Bf2 h5 61. Qd2 h4 62. Qf4+ Ke8 63. Qxg4 1-0

[Event "Mittelfranken-ch QT 59th"]
[Site "Forchheim"]
[Date "2010.04.01"]
[Round "3"]
[White "Korth, Manfred"]
[Black "Klee, Guenther"]
[Result "1-0"]
[WhiteElo "1751"]
[BlackElo "1507"]
[PlyCount "83"]
[EventDate "2010.03.31"]
[EventType "swiss"]
[EventRounds "7"]
[EventCountry "GER"]
[SourceTitle "EXT 2011"]
[Source "ChessBase"]
[SourceDate "2010.11.26"]
[SourceVersion "1"]
[SourceVersionDate "2010.11.26"]
[SourceQuality "1"]

1. Nf3 g6 2. g3 Bg7 3. Bg2 c6 4. 0-0 d6 5. d3 Nd7 6. Nbd2 Ngf6 7. e4 0-0 8. c3 e5 9. Nc4 Nb6 10. Ne3 Qc7 11. Qc2 Ng4 12. a4 a5 13. h3 Nh6 14. Kh2 f5 15. exf5 Nxf5 16. Ng5 h6 17. Ne4 Be6 18. b3 Nd5 19. Nc4 b5 20. axb5 cxb5 21. Na3 Rab8 22. Bd2 Nf6 23. Nxf6+ Rxf6 24. f4 Bd7 25. Rae1 Rff8 26. fxe5 Bxe5 27. Bf4 Bxf4 28. Bd5+ Kg7 29. Rxf4 Bc6 30. Qg2 Bxd5 31. Qxd5 Qb7 32. Qe4 Qxe4 33. Rfxe4 h5 34. g4 hxg4 35. hxg4 Rh8+ 36. Kg2 Nh4+ 37. Kg3 Rbf8 38. Re7+ Kg8 39. R1e3 b4 40. cxb4 axb4 41. Nc2 d5 42. Re8 1-0

[Event "Mittelfrankenliga-B2b 0708"]
[Site "Mittelfranken"]
[Date "2007.11.11"]
[Round "2.8"]
[White "Klee, Guenther"]
[Black "Zimmer, Frank2222"]
[Result "1-0"]
[WhiteElo "1523"]
[BlackElo "1739"]
[PlyCount "67"]
[EventDate "2007.10.14"]
[EventType "team-tourn"]
[EventRounds "9"]
[EventCountry "GER"]
[SourceTitle "EXT 2011"]
[Source "ChessBase"]
[SourceDate "2010.11.26"]
[SourceVersion "1"]
[SourceVersionDate "2010.11.26"]
[SourceQuality "1"]
[WhiteTeam "Bad Windsheim"]
[BlackTeam "Nuernberg SK 1911 II"]
[WhiteTeamCountry "GER"]
[BlackTeamCountry "GER"]

1. c4 f5 2. Nc3 Nf6 3. d4 g6 4. g3 Bg7 5. Bg2 d6 6. Nf3 0-0 7. e3 c6 8. 0-0 Qe8 9. Re1 Na6 10. e4 fxe4 11. Nxe4 Nxe4 12. Rxe4 Bf5 13. Re1 Qd7 14. Bg5 Rae8 15. Rc1 h6 16. Bf4 g5 17. Be3 Bg4 18. Rc3 Qf5 19. Bc1 c5 20. Qd3 Qxd3 21. Rxd3 Nb4 22. Rb3 Nc2 23. Re4 Bxf3 24. Rxf3 Rxf3 25. Bxf3 Nxd4 26. Bh5 Rb8 27. Rxe7 a6 28. f4 Nc6 29. Re6 gxf4 30. gxf4 Rd8 31. Bf3 Kf7 32. Re1 Bd4+ 33. Kf1 Rg8 34. Bd5+ 1-0